[Event "Thueringen-ch"]
[Site "Finsterbergen"]
[Date "2008.03.20"]
[Round "3"]
[White "Gulich, Christian"]
[Black "Taudte, Stefan"]
[Result "1-0"]
[WhiteElo "2063"]
[BlackElo "2113"]
[PlyCount "87"]
[EventDate "2008.03.19"]
[EventType "swiss"]
[EventRounds "9"]
[EventCountry "GER"]
[SourceTitle "CBM 123 Extra"]
[Source "ChessBase"]
[SourceDate "2008.05.06"]
[SourceVersion "1"]
[SourceVersionDate "2008.05.06"]
[SourceQuality "1"]

1. e4 e6 2. d4 d5 3. Nc3 Bb4 4. e5 c5 5. a3 cxd4 6. Qxd4 Nc6 7. Bb5 Bxc3+ 8. Qxc3 Qb6 9. Bxc6+ Qxc6 10. Qxc6+ bxc6 11. Be3 a5 12. a4 f6 13. f4 Nh6 14. Nf3 Ba6 15. 0-0-0 Nf7 16. Rhe1 Nd8 17. Bb6 f5 18. Nd4 Kd7 19. Bxa5 Nb7 20. Bb6 c5 21. Nf3 Rhc8 22. Kd2 h6 23. b3 Kc6 24. a5 Kd7 25. c3 Nd8 26. Bxd8 Kxd8 27. Rb1 Rab8 28. b4 cxb4 29. Rxb4 Rxb4 30. cxb4 Rc4 31. Rb1 Bb5 32. g3 Kd7 33. Rb2 Re4 34. Kd1 Rc4 35. Nd2 Rd4 36. Kc2 g5 37. fxg5 hxg5 38. Nb3 Ba4 39. Kc3 Rc4+ 40. Kd3 Bxb3 41. Rxb3 Re4 42. b5 Kc7 43. b6+ Kb7 44. a6+ 1-0

[Event "Thueringen-ch"]
[Site "Finsterbergen"]
[Date "2008.03.19"]
[Round "1"]
[White "Friedrich, Gerd"]
[Black "Taudte, Stefan"]
[Result "0-1"]
[WhiteElo "1904"]
[BlackElo "2113"]
[PlyCount "144"]
[EventDate "2008.03.19"]
[EventType "swiss"]
[EventRounds "9"]
[EventCountry "GER"]
[SourceTitle "CBM 123 Extra"]
[Source "ChessBase"]
[SourceDate "2008.05.06"]
[SourceVersion "1"]
[SourceVersionDate "2008.05.06"]
[SourceQuality "1"]

1. e4 e6 2. d4 d5 3. Bd3 c5 4. dxc5 Bxc5 5. exd5 exd5 6. Nc3 Nc6 7. Nge2 Bg4 8. 0-0 Nge7 9. Bf4 Ng6 10. Qd2 0-0 11. h3 Be6 12. Bg3 Rc8 13. a3 a6 14. Rad1 Nge5 15. Nf4 Qg5 16. Kh2 Nd4 17. Kh1 Nxd3 18. Nxd3 Qxd2 19. Rxd2 Bxa3 20. Be5 Nc6 21. Nxd5 Nxe5 22. bxa3 Nc4 23. Ne7+ Kh8 24. Re2 Rce8 25. f4 Rxe7 26. f5 Rfe8 27. fxe6 Rxe6 28. Rxe6 fxe6 29. a4 e5 30. Nc5 b5 31. axb5 axb5 32. Ne4 Kg8 33. c3 Rb8 34. Rb1 Kf7 35. Kg1 Ke6 36. Ng5+ Kf5 37. Nf3 Ke4 38. Rd1 Ra8 39. Ng5+ Ke3 40. Nxh7 Ra3 41. Rb1 Ra5 42. Rd1 Ke2 43. Rd5 e4 44. Ng5 e3 45. Ne6 Ra1+ 46. Kh2 Rb1 47. Nd4+ Kf1 48. Rf5+ Ke1 49. Nxb5 Kd2 50. Rd5+ Kc2 51. Nd4+ Kxc3 52. Ne2+ Kb4 53. Rd7 Nd2 54. Rb7+ Kc4 55. Rxb1 Nxb1 56. Kg3 Kd3 57. Nf4+ Ke4 58. Ne2 Na3 59. Kg4 Nb5 60. Kg5 Kd3 61. Ng1 Nd4 62. Kg6 Kd2 63. Kg5 Ke1 64. Kf4 Kf2 65. Ke4 Nc2 66. Nf3 Kxg2 67. h4 e2 68. h5 Kf2 69. Kf4 Ne1 70. Ne5 Ng2+ 71. Kg5 Ke3 72. Nc4+ Kd3 0-1

[Event "Apolda op 16th"]
[Site "Apolda"]
[Date "2007.08.25"]
[Round "4"]
[White "Sobolevsky, Leonid"]
[Black "Taudte, Stefan"]
[Result "0-1"]
[WhiteElo "2316"]
[BlackElo "2094"]
[PlyCount "124"]
[EventDate "2007.08.23"]
[EventType "swiss"]
[EventRounds "7"]
[EventCountry "GER"]
[SourceTitle "CBM 120 Extra"]
[Source "ChessBase"]
[SourceDate "2007.11.01"]
[SourceVersion "1"]
[SourceVersionDate "2007.11.01"]
[SourceQuality "1"]

1. e4 e6 2. d4 d5 3. Nc3 Bb4 4. e5 c5 5. a3 cxd4 6. axb4 dxc3 7. bxc3 Qc7 8. Nf3 Ne7 9. Bd3 Nbc6 10. Bf4 Ng6 11. Bxg6 hxg6 12. 0-0 Bd7 13. Re1 Ne7 14. Ra3 Bb5 15. Be3 b6 16. Qd2 Nf5 17. Bg5 Qc4 18. Be3 Kd7 19. Bd4 Kc7 20. Qf4 Rhf8 21. Nd2 Qc6 22. g4 Nxd4 23. Qxd4 Kb7 24. Qf4 Qc7 25. Nf3 a6 26. Nd4 Bc4 27. Re3 Rae8 28. Qg5 Rh8 29. h4 Qd8 30. Rf3 Qxg5 31. hxg5 Re7 32. Kg2 Rc7 33. Ra1 Rh4 34. Kg3 Rh8 35. Re3 Rhc8 36. f4 Bb5 37. Ra3 Rh8 38. f5 Bd7 39. fxg6 fxg6 40. Rf3 Rh1 41. Kg2 Re1 42. Rf7 Bc8 43. Rf8 Rxe5 44. b5 a5 45. Nc6 Re4 46. Ra1 Rxg4+ 47. Kf3 Rxg5 48. Ke3 Rg3+ 49. Kd4 Rg4+ 50. Kd3 e5 51. Rh1 Bf5+ 52. Kd2 Rg2+ 53. Ke3 Rxc6 54. bxc6+ Kxc6 55. Re8 Rxc2 56. Rxe5 Rxc3+ 57. Kd2 Rc2+ 58. Ke3 a4 59. Ra1 b5 60. Re8 Kc5 61. Re7 d4+ 62. Kf3 Rb2 0-1

[Event "Leutersdorf Sparkasse op 10th"]
[Site "Leutersdorf"]
[Date "2006.02.17"]
[Round "1"]
[White "Ender, Lutz"]
[Black "Taudte, Stefan"]
[Result "0-1"]
[WhiteElo "1371"]
[BlackElo "1967"]
[PlyCount "66"]
[EventDate "2006.02.17"]
[EventType "swiss"]
[EventRounds "7"]
[EventCountry "GER"]
[SourceTitle "EXT 2007"]
[Source "ChessBase"]
[SourceDate "2006.11.23"]
[SourceVersion "1"]
[SourceVersionDate "2006.11.23"]
[SourceQuality "1"]

1. d4 Nf6 2. c4 c5 3. Nf3 cxd4 4. Qxd4 Nc6 5. Qd1 g6 6. Bf4 Bg7 7. Nc3 d6 8. e3 Nh5 9. Qd2 Nxf4 10. exf4 0-0 11. Be2 e5 12. fxe5 dxe5 13. Rd1 Qxd2+ 14. Rxd2 f5 15. Nd5 h6 16. 0-0 e4 17. Nh4 Kh7 18. g3 Nd4 19. Ne7 Nxe2+ 20. Rxe2 g5 21. Ng2 Be6 22. b3 Rad8 23. Ne3 Rf7 24. N7d5 Rfd7 25. Rd1 f4 26. Nc2 Bg4 27. Red2 Bxd1 28. Rxd1 Be5 29. Re1 e3 30. gxf4 gxf4 31. fxe3 Rg7+ 32. Kh1 f3 33. Rf1 Rg2 0-1

[Event "Leutersdorf Sparkasse op 10th"]
[Site "Leutersdorf"]
[Date "2006.02.17"]
[Round "2"]
[White "Taudte, Stefan"]
[Black "Peter, Dirk"]
[Result "1/2-1/2"]
[WhiteElo "1967"]
[BlackElo "1619"]
[PlyCount "136"]
[EventDate "2006.02.17"]
[EventType "swiss"]
[EventRounds "7"]
[EventCountry "GER"]
[SourceTitle "EXT 2007"]
[Source "ChessBase"]
[SourceDate "2006.11.23"]
[SourceVersion "1"]
[SourceVersionDate "2006.11.23"]
[SourceQuality "1"]

1. d4 c5 2. d5 Nf6 3. c4 Ne4 4. f3 Qa5+ 5. Nd2 Nd6 6. e4 g6 7. Bd3 Bg7 8. Ne2 b5 9. 0-0 bxc4 10. Nxc4 Nxc4 11. Bxc4 d6 12. Qd3 0-0 13. Rb1 Ba6 14. Bd2 Qxa2 15. b3 Bxc4 16. bxc4 Nd7 17. Nc3 Ne5 18. Nxa2 Nxd3 19. Bc3 Ne5 20. Bxe5 Bxe5 21. Rb7 Rfb8 22. Rfb1 Rxb7 23. Rxb7 a5 24. Kf2 f5 25. exf5 gxf5 26. Rb3 Bxh2 27. g3 f4 28. g4 Bg3+ 29. Ke2 Bh4 30. Kd3 Bf6 31. Ke4 Be5 32. Nc3 a4 33. Ra3 Bxc3 34. Rxc3 a3 35. Rc1 Ra4 36. Kxf4 a2 37. Ra1 Rxc4+ 38. Kf5 Ra4 39. f4 Kf7 40. g5 Rd4 41. Rxa2 Rxd5+ 42. Ke4 Rd4+ 43. Ke3 Rb4 44. Rh2 Kg7 45. Rh6 d5 46. Rc6 Rb3+ 47. Ke2 c4 48. f5 Rd3 49. Re6 Kf8 50. Rc6 Rg3 51. Rc5 Rd3 52. Rc6 Rd4 53. Rh6 Kg7 54. Rc6 Kf7 55. Rh6 c3 56. Rxh7+ Ke8 57. g6 Rg4 58. Kd3 d4 59. Rh6 Kf8 60. Rh8+ Kg7 61. Rh7+ Kf6 62. Rf7+ Ke5 63. Rxe7+ Kxf5 64. g7 Kf6 65. Rd7 Ke6 66. Rc7 Kd6 67. Ra7 Kc6 68. Ra8 Rxg7 1/2-1/2

[Event "Oberliga Ost-B 0203"]
[Site "Germany"]
[Date "2003.02.09"]
[Round "7.6"]
[White "Taudte, Stefan"]
[Black "Klamp, Christoph"]
[Result "1/2-1/2"]
[WhiteElo "2104"]
[BlackElo "2151"]
[PlyCount "38"]
[EventDate "2002.10.20"]
[EventType "team"]
[EventRounds "11"]
[EventCountry "GER"]
[SourceTitle "EXT 2004"]
[Source "ChessBase"]
[SourceDate "2003.11.25"]
[SourceVersion "1"]
[SourceVersionDate "2003.11.25"]
[SourceQuality "1"]
[WhiteTeam "Erfurt Empor"]
[BlackTeam "Griesheim"]
[WhiteTeamCountry "GER"]
[BlackTeamCountry "GER"]

1. d4 Nf6 2. c4 e6 3. Nf3 Bb4+ 4. Bd2 c5 5. Bxb4 cxb4 6. e3 b6 7. Be2 Bb7 8. 0-0 0-0 9. Qb3 Qe7 10. a3 Nc6 11. Rc1 Na5 12. Qd1 Rfc8 13. Nbd2 d5 14. c5 Nc6 15. Qb3 bxc5 16. dxc5 a5 17. Nd4 bxa3 18. Nxc6 Bxc6 19. Qxa3 a4 1/2-1/2

[Event "Crailsheim op"]
[Site "Crailsheim"]
[Date "2000.??.??"]
[Round "6"]
[White "Buchenau, Frank"]
[Black "Taudte, Stefan"]
[Result "1-0"]
[WhiteElo "2220"]
[BlackElo "2104"]
[PlyCount "73"]
[EventDate "2000.06.??"]
[EventType "swiss"]
[EventRounds "7"]
[EventCountry "GER"]
[SourceTitle "EXT 2001"]
[Source "ChessBase"]
[SourceDate "2000.11.22"]
[SourceVersion "1"]
[SourceVersionDate "2000.11.22"]
[SourceQuality "1"]

1. e4 e6 2. Nc3 d5 3. Nf3 c5 4. exd5 exd5 5. d4 Nc6 6. Bg5 Be7 7. Bxe7 Qxe7+ 8. Be2 Nf6 9. 0-0 0-0 10. Re1 Be6 11. Bb5 cxd4 12. Nxd4 Qc5 13. Bxc6 bxc6 14. Rxe6 fxe6 15. Nxe6 Qb4 16. Nxf8 Rxf8 17. Rb1 Ng4 18. Qe2 Rxf2 19. Qe6+ Rf7 20. h3 Qd4+ 21. Kh1 Nf2+ 22. Kh2 Qf4+ 23. Kg1 Ne4 24. Nxe4 dxe4 25. Kh1 Qf5 26. Qe8+ Rf8 27. Qxc6 Qe5 28. Re1 Re8 29. c4 Re7 30. Qd5+ Qxd5 31. cxd5 Kf7 32. Kg1 Kf6 33. d6 Re5 34. Rd1 Re8 35. d7 Rd8 36. Kf2 Ke5 37. Ke3 1-0

[Event "Crailsheim op"]
[Site "Crailsheim"]
[Date "2000.??.??"]
[Round "3"]
[White "Taudte, Stefan"]
[Black "Schroll, Ralph"]
[Result "1-0"]
[WhiteElo "2104"]
[BlackElo "2239"]
[PlyCount "45"]
[EventDate "2000.06.??"]
[EventType "swiss"]
[EventRounds "7"]
[EventCountry "GER"]
[SourceTitle "EXT 2001"]
[Source "ChessBase"]
[SourceDate "2000.11.22"]
[SourceVersion "1"]
[SourceVersionDate "2000.11.22"]
[SourceQuality "1"]

1. d4 Nf6 2. c4 g6 3. Nc3 Bg7 4. e4 d6 5. h3 0-0 6. Bg5 h6 7. Be3 e5 8. d5 Nbd7 9. Bd3 c6 10. Qd2 Kh7 11. Nge2 Nc5 12. Bc2 cxd5 13. cxd5 a5 14. g4 b5 15. f3 Bd7 16. h4 b4 17. Nd1 h5 18. Bg5 Qe8 19. Ng3 hxg4 20. h5 Nxh5 21. Nxh5 gxh5 22. Rxh5+ Kg6 23. Bf6 1-0